| 000 | 00992pam a2200313 i 4500 | ||
|---|---|---|---|
| 001 | 015721550 | ||
| 003 | EG-ScBUE | ||
| 005 | 20230110114718.0 | ||
| 008 | 101220s2011 enka f b 001 0 eng d | ||
| 020 | _a9781856697231 (pbk.) | ||
| 020 | _a1856697231 (pbk.) | ||
| 040 |
_aEG-ScBUE _beng _erda _cEG-ScBUE _dEG-ScBUE |
||
| 082 | 0 | 4 |
_a746.920688 _222 _bPOS |
| 100 | 1 |
_aPosner, Harriet, _eauthor. _933184 |
|
| 245 | 1 | 0 |
_aMarketing fashion / _cHarriet Posner. |
| 264 | 1 |
_aLondon : _bLaurence King Publishing, _c2011. |
|
| 300 |
_a224 pages : _bcolor illustrations ; _c26 cm. |
||
| 336 |
_2rdacontent _atext _btxt |
||
| 337 |
_2rdamedia _aunmediated _bn |
||
| 338 |
_2rdacarrier _avolume _bnc |
||
| 490 | 0 | _aPortfolio | |
| 504 | _aIncludes bibliographical references and index. | ||
| 650 | 7 |
_aFashion merchandising. _932994 _2BUEsh |
|
| 650 | 7 |
_aFashion merchandising _vCase studies. _933185 _2BUEsh |
|
| 651 | _2BUEsh | ||
| 653 |
_cMay2013 _bART |
||
| 655 | _vReading book | ||
| 942 |
_2ddc _cBB |
||
| 999 |
_c17462 _d17434 |
||